Rapsberry Pi s modulom BrickPi pre ovládanie legorobotov bakalárska práca

Saved in:
Bibliographic Details
Main Author: Benkovský, Miroslav
Format: Book
Language:Slovak
Published: Bratislava STU FCHPT 2014
Online Access:View in OPAC
Tags: Add Tag
No Tags, Be the first to tag this record!

MARC

LEADER 00000nam a2200000 a 4500
005 20260127134339.0
008 140924 2014 000 0 slo d
035 |a vtls010623916 
039 9 |a 201409241346  |b mschk03  |y 201409241327  |z mschk03 
040 |a STUSCHK1  |b slo  |c STUSCHK1  |e AACR2 
100 1 |a Benkovský, Miroslav 
245 1 |a Rapsberry Pi s modulom BrickPi pre ovládanie legorobotov  |b bakalárska práca  |c Miroslav Benkovský 
260 |a Bratislava  |b STU FCHPT  |c 2014 
300 |a 51 s.  |b Obr.  |c 2014 
500 |a Obhájené: 14.07.2014 
500 |a Štud. program: automatizácia, informatizácia a manažment v chémii a potravinárstve 
500 |a Štud. odbor: automatizácia, priemyselné inžinierstvo 
500 |a Školiace pracovisko: Ústav informatizácie, automatizácie a matematiky 
500 |a Evid. číslo: FCHPT-5415-44080 
910 |a SCHK95 
999 |c 10465  |d 10465